000 00570nam a2200193 i 4500
001 135566
003 ES-MaACL
005 20230906194916.0
007 t|
008 070719s1967 sp ||||1| spa d
080 _a248.159.4 (Fátima)
100 1 _aTorres, Ismael.
_9110892
245 1 0 _aMensaje al pueblo de Dios
_b: la celeste embajada de Fátima /
_cIsmael Torres.
250 _a2ª ed.
260 _aMadrid :
_bCoculsa,
_c1967.
300 _a199 p. :
_bil. ;
_c19 cm.
650 4 _aVirgen de Fátima-
_xCulto.
_917823
852 _aES-MaACL
_jC-32479
_bR.63008
999 _c135566
_d135566